[Event "DEM U10w 2025"]
[Site "Willingen GER"]
[Date "2025.06.10"]
[Round "4"]
[White "Hleizer, Ahata"]
[Black "Müller, Greta Waltraud"]
[Result "1-0"]
[Termination "normal"]
[Board "4"]
[WhiteElo "1594"]
[BlackElo "1362"]
[WhiteClock "00:47:48"]
[BlackClock "00:17:24"]
[PlyCount "141"]
[WhiteFideId "34643370"]
[BlackFideId "533043590"]
[EventCountry "GER"]
[EventRounds "9"]
[EventType "swiss"]
[EventDate "2025.06.07"]

1. e4 {[%clk 01:30:56]} {[%emt 00:00:03]} e5 {[%clk 01:30:40]} {[%emt
00:00:19]} 2. Nf3 {[%clk 01:31:17]} {[%emt 00:00:10]} Nc6 {[%clk 01:30:48]}
{[%emt 00:00:22]} 3. Nc3 {[%clk 01:31:30]} {[%emt 00:00:18]} Nf6 {[%clk
01:30:54]} {[%emt 00:00:23]} 4. d4 {[%clk 01:31:34]} {[%emt 00:00:26]} exd4
{[%clk 01:31:05]} {[%emt 00:00:19]} 5. Nxd4 {[%clk 01:31:48]} {[%emt 00:00:16]}
Bb4 {[%clk 01:30:47]} {[%emt 00:00:48]} 6. Nxc6 {[%clk 01:31:41]} {[%emt
00:00:37]} bxc6 {[%clk 01:30:47]} {[%emt 00:00:30]} 7. Bd3 {[%clk 01:31:41]}
{[%emt 00:00:29]} d5 {[%clk 01:30:48]} {[%emt 00:00:30]} 8. exd5 {[%clk
01:31:40]} {[%emt 00:00:31]} cxd5 {[%clk 01:31:09]} {[%emt 00:00:10]} 9. O-O
{[%clk 01:31:46]} {[%emt 00:00:23]} O-O {[%clk 01:30:28]} {[%emt 00:01:11]} 10.
h3 {[%clk 01:30:10]} {[%emt 00:02:05]} Be6 {[%clk 01:29:36]} {[%emt 00:01:22]}
11. Qf3 {[%clk 01:27:27]} {[%emt 00:03:13]} h6 {[%clk 01:28:38]} {[%emt
00:01:29]} 12. Bf4 {[%clk 01:24:04]} {[%emt 00:03:54]} Qd7 {[%clk 01:26:46]}
{[%emt 00:02:22]} 13. Bxh6 {[%clk 01:20:33]} {[%emt 00:04:00]} d4 {[%clk
01:20:09]} {[%emt 00:07:06]} 14. Ne4 {[%clk 01:18:49]} {[%emt 00:02:15]} Be7
{[%clk 01:14:08]} {[%emt 00:06:31]} 15. Nxf6+ {[%clk 01:16:33]} {[%emt
00:02:46]} Bxf6 {[%clk 01:14:03]} {[%emt 00:00:35]} 16. Bf4 {[%clk 01:12:41]}
{[%emt 00:04:22]} Rab8 {[%clk 01:12:10]} {[%emt 00:02:24]} 17. b3 {[%clk
01:12:04]} {[%emt 00:01:06]} Rfe8 {[%clk 01:08:53]} {[%emt 00:03:46]} 18. Qg3
{[%clk 01:11:23]} {[%emt 00:01:11]} Rbc8 {[%clk 01:01:36]} {[%emt 00:07:48]}
19. Rad1 {[%clk 01:08:18]} {[%emt 00:03:34]} Red8 {[%clk 01:00:00]} {[%emt
00:02:06]} 20. c3 {[%clk 01:07:38]} {[%emt 00:01:12]} c5 {[%clk 00:56:44]}
{[%emt 00:03:40]} 21. b4 {[%clk 01:05:37]} {[%emt 00:02:36]} cxb4 {[%clk
00:55:24]} {[%emt 00:01:51]} 22. cxd4 {[%clk 01:05:18]} {[%emt 00:00:48]} Bxa2
{[%clk 00:54:27]} {[%emt 00:01:27]} 23. h4 {[%clk 01:02:24]} {[%emt 00:03:24]}
b3 {[%clk 00:54:12]} {[%emt 00:00:46]} 24. h5 {[%clk 01:02:19]} {[%emt
00:00:34]} b2 {[%clk 00:53:38]} {[%emt 00:01:04]} 25. h6 {[%clk 01:02:37]}
{[%emt 00:00:12]} b1=Q {[%emt 00:03:51]} 26. Bxb1 {[%clk 01:02:45]} {[%emt
00:00:12]} Bxb1 {[%clk 00:50:53]} {[%emt 00:00:04]} 27. Rxb1 {[%clk 01:03:02]}
{[%emt 00:00:12]} Bxd4 {[%clk 00:50:02]} {[%emt 00:01:22]} 28. hxg7 {[%clk
01:02:49]} {[%emt 00:00:42]} Bxg7 {[%clk 00:49:53]} {[%emt 00:00:39]} 29. Be5
{[%clk 01:02:17]} {[%emt 00:01:03]} f5 {[%clk 00:48:29]} {[%emt 00:01:53]} 30.
Bf6 {[%clk 01:00:15]} {[%emt 00:02:34]} Rf8 {[%clk 00:47:56]} {[%emt 00:00:53]}
31. Bxg7 {[%clk 00:58:56]} {[%emt 00:01:57]} Qxg7 {[%clk 00:46:57]} {[%emt
00:01:31]} 32. Qb3+ {[%clk 00:58:56]} {[%emt 00:00:29]} Qf7 {[%clk 00:46:24]}
{[%emt 00:01:03]} 33. Qa3 {[%clk 00:58:59]} {[%emt 00:00:28]} Ra8 {[%clk
00:44:49]} {[%emt 00:02:05]} 34. Rfc1 {[%clk 00:58:50]} {[%emt 00:00:34]} Rfe8
{[%clk 00:43:45]} {[%emt 00:01:37]} 35. Ra1 {[%clk 00:55:49]} {[%emt 00:03:31]}
Qh7 {[%clk 00:42:59]} {[%emt 00:01:16]} 36. Rc3 {[%clk 00:54:56]} {[%emt
00:01:23]} Qe7 {[%clk 00:40:18]} {[%emt 00:03:02]} 37. Rg3+ {[%clk 00:53:37]}
{[%emt 00:01:58]} Kf8 {[%clk 00:39:52]} {[%emt 00:00:45]} 38. Qb2 {[%clk
00:53:19]} {[%emt 00:01:00]} Qe5 {[%clk 00:38:16]} {[%emt 00:02:06]} 39. Qb4+
{[%clk 00:53:14]} {[%emt 00:00:35]} Re7 {[%clk 00:37:19]} {[%emt 00:01:27]} 40.
Rf1 {[%clk 00:53:17]} {[%emt 00:00:27]} Kf7 {[%clk 00:36:56]} {[%emt 00:00:42]}
41. Qc4+ {[%clk 00:53:04]} {[%emt 00:00:55]} Qe6 {[%clk 00:36:10]} {[%emt
00:01:14]} 42. Qh4 {[%clk 00:52:50]} {[%emt 00:00:42]} Rg8 {[%clk 00:34:44]}
{[%emt 00:01:57]} 43. Qh7+ {[%clk 00:53:06]} {[%emt 00:00:16]} Kf6 {[%clk
00:33:48]} {[%emt 00:01:22]} 44. Qh4+ {[%clk 00:52:17]} {[%emt 00:01:23]} Kf7
{[%clk 00:31:40]} {[%emt 00:02:37]} 45. Re3 {[%clk 00:51:56]} {[%emt 00:00:51]}
Qf6 {[%clk 00:30:56]} {[%emt 00:01:10]} 46. Qc4+ {[%clk 00:51:36]} {[%emt
00:00:55]} Kf8 {[%clk 00:28:29]} {[%emt 00:02:50]} 47. Qc5 {[%clk 00:51:11]}
{[%emt 00:01:02]} f4 {[%clk 00:25:49]} {[%emt 00:03:09]} 48. Qc8+ {[%clk
00:48:49]} {[%emt 00:02:53]} Kf7 {[%clk 00:20:44]} {[%emt 00:05:31]} 49. Rxe7+
{[%clk 00:48:48]} {[%emt 00:00:35]} Qxe7 {[%clk 00:20:48]} {[%emt 00:00:26]}
50. Qc4+ {[%clk 00:49:00]} {[%emt 00:00:17]} Kf8 {[%clk 00:18:56]} {[%emt
00:02:18]} 51. Qxf4+ {[%clk 00:49:14]} {[%emt 00:00:21]} Ke8 {[%clk 00:18:25]}
{[%emt 00:00:54]} 52. Ra1 {[%clk 00:48:17]} {[%emt 00:01:25]} Qb7 {[%clk
00:16:59]} {[%emt 00:02:00]} 53. Qa4+ {[%clk 00:47:01]} {[%emt 00:01:51]} Kf8
{[%clk 00:16:24]} {[%emt 00:01:05]} 54. Qf4+ {[%clk 00:46:22]} {[%emt
00:00:58]} Ke8 {[%clk 00:16:03]} {[%emt 00:00:37]} 55. Re1+ {[%clk 00:46:45]}
{[%emt 00:00:31]} Kd8 {[%clk 00:16:23]} {[%emt 00:00:11]} 56. Qd6+ {[%clk
00:46:38]} {[%emt 00:00:36]} Qd7 {[%clk 00:16:18]} {[%emt 00:00:36]} 57. Qb8+
{[%clk 00:45:58]} {[%emt 00:01:10]} Qc8 {[%clk 00:16:10]} {[%emt 00:00:37]} 58.
Qxa7 {[%clk 00:45:24]} {[%emt 00:01:04]} Qd7 {[%clk 00:14:51]} {[%emt
00:01:49]} 59. Qa5+ {[%clk 00:45:12]} {[%emt 00:00:41]} Qc7 {[%clk 00:14:20]}
{[%emt 00:01:01]} 60. Qd5+ {[%clk 00:45:30]} {[%emt 00:00:13]} Qd7 {[%clk
00:14:18]} {[%emt 00:00:27]} 61. Qxg8+ {[%clk 00:45:44]} {[%emt 00:00:22]} Kc7
{[%clk 00:14:36]} {[%emt 00:00:12]} 62. Rc1+ {[%clk 00:45:47]} {[%emt
00:00:27]} Kb7 {[%clk 00:14:38]} {[%emt 00:00:27]} 63. Qb3+ {[%clk 00:46:08]}
{[%emt 00:00:10]} Ka8 {[%clk 00:14:41]} {[%emt 00:00:27]} 64. Ra1+ {[%clk
00:46:16]} {[%emt 00:00:21]} Qa7 {[%clk 00:15:04]} {[%emt 00:00:09]} 65. Rxa7+
{[%clk 00:46:34]} {[%emt 00:00:11]} Kxa7 {[%clk 00:15:31]} {[%emt 00:00:03]}
66. f4 {[%clk 00:46:54]} {[%emt 00:00:10]} Ka6 {[%clk 00:15:53]} {[%emt
00:00:08]} 67. f5 {[%clk 00:47:16]} {[%emt 00:00:07]} Ka5 {[%clk 00:16:13]}
{[%emt 00:00:11]} 68. f6 {[%clk 00:47:33]} {[%emt 00:00:13]} Ka6 {[%clk
00:16:40]} {[%emt 00:00:03]} 69. f7 {[%clk 00:47:52]} {[%emt 00:00:11]} Ka7
{[%clk 00:17:00]} {[%emt 00:00:10]} 70. f8=R {[%clk 00:48:02]} {[%emt
00:00:21]} Ka6 {[%clk 00:17:24]} {[%emt 00:00:04]} 71. Ra8# {[%clk 00:47:48]}
{[%emt 00:00:08]} 1-0

[Event "DEM U10w 2025"]
[Site "Willingen GER"]
[Date "2025.06.10"]
[Round "4"]
[White "Mudriievskaya, Esther"]
[Black "Xu, Dorothea Sicheng"]
[Result "0-1"]
[Termination "normal"]
[Board "5"]
[WhiteElo "1505"]
[BlackElo "1484"]
[WhiteClock "00:24:42"]
[BlackClock "00:19:52"]
[PlyCount "64"]
[WhiteFideId "34676465"]
[BlackFideId "34667539"]
[EventCountry "GER"]
[EventRounds "9"]
[EventType "swiss"]
[EventDate "2025.06.07"]

1. e4 {[%clk 01:30:51]} {[%emt 00:00:07]} c5 {[%clk 01:30:54]} {[%emt
00:00:07]} 2. Nc3 {[%clk 01:31:03]} {[%emt 00:00:18]} e6 {[%clk 01:31:19]}
{[%emt 00:00:05]} 3. f4 {[%clk 01:31:03]} {[%emt 00:00:30]} d5 {[%clk
01:31:36]} {[%emt 00:00:14]} 4. d3 {[%clk 01:29:12]} {[%emt 00:02:21]} Nc6
{[%clk 01:31:15]} {[%emt 00:00:51]} 5. Nf3 {[%clk 01:28:02]} {[%emt 00:01:38]}
Nf6 {[%clk 01:29:10]} {[%emt 00:02:36]} 6. Be2 {[%clk 01:26:17]} {[%emt
00:02:13]} Be7 {[%clk 01:26:09]} {[%emt 00:03:33]} 7. O-O {[%clk 01:24:54]}
{[%emt 00:01:53]} a6 {[%clk 01:23:47]} {[%emt 00:02:52]} 8. e5 {[%clk
01:21:26]} {[%emt 00:03:58]} Nd7 {[%clk 01:22:10]} {[%emt 00:02:08]} 9. Kh1
{[%clk 01:14:55]} {[%emt 00:07:00]} O-O {[%clk 01:18:04]} {[%emt 00:04:37]} 10.
d4 {[%clk 01:13:24]} {[%emt 00:02:00]} f6 {[%clk 01:13:39]} {[%emt 00:04:54]}
11. Be3 {[%clk 01:04:16]} {[%emt 00:09:38]} Qe8 {[%clk 01:05:12]} {[%emt
00:08:59]} 12. Nh4 {[%clk 00:59:33]} {[%emt 00:05:11]} fxe5 {[%clk 01:03:16]}
{[%emt 00:02:26]} 13. fxe5 {[%clk 00:56:35]} {[%emt 00:03:29]} Rxf1+ {[%clk
01:01:55]} {[%emt 00:01:51]} 14. Qxf1 {[%clk 00:55:51]} {[%emt 00:01:13]} Bxh4
{[%clk 01:01:20]} {[%emt 00:01:06]} 15. Qf4 {[%clk 00:55:02]} {[%emt 00:01:19]}
Be7 {[%clk 00:55:22]} {[%emt 00:06:28]} 16. Rf1 {[%clk 00:52:54]} {[%emt
00:02:37]} cxd4 {[%clk 00:52:37]} {[%emt 00:03:16]} 17. Bxd4 {[%clk 00:53:09]}
{[%emt 00:00:14]} Nxd4 {[%clk 00:51:04]} {[%emt 00:02:04]} 18. Qxd4 {[%clk
00:53:25]} {[%emt 00:00:12]} b5 {[%clk 00:47:38]} {[%emt 00:03:58]} 19. Rf3
{[%clk 00:48:30]} {[%emt 00:05:20]} Bb7 {[%clk 00:46:28]} {[%emt 00:01:45]} 20.
Rg3 {[%clk 00:45:31]} {[%emt 00:03:26]} Bc5 {[%clk 00:39:38]} {[%emt 00:07:23]}
21. Qg4 {[%clk 00:43:26]} {[%emt 00:02:33]} Qf7 {[%clk 00:35:56]} {[%emt
00:04:14]} 22. Qg5 {[%clk 00:40:02]} {[%emt 00:03:52]} Rf8 {[%clk 00:34:29]}
{[%emt 00:01:57]} 23. h4 {[%clk 00:37:35]} {[%emt 00:02:58]} Be7 {[%clk
00:30:13]} {[%emt 00:04:47]} 24. Qe3 {[%clk 00:34:36]} {[%emt 00:03:18]} Bxh4
{[%clk 00:27:00]} {[%emt 00:03:54]} 25. Rf3 {[%clk 00:33:55]} {[%emt 00:01:09]}
Qg6 {[%clk 00:26:08]} {[%emt 00:01:24]} 26. Rxf8+ {[%clk 00:31:41]} {[%emt
00:02:43]} Nxf8 {[%clk 00:25:01]} {[%emt 00:01:38]} 27. Bd3 {[%clk 00:30:02]}
{[%emt 00:02:07]} Qg5 {[%clk 00:21:40]} {[%emt 00:03:54]} 28. Qg1 {[%clk
00:25:05]} {[%emt 00:05:23]} Bg3 {[%clk 00:19:18]} {[%emt 00:02:54]} 29. Qa7
{[%clk 00:23:44]} {[%emt 00:01:50]} Qc1+ {[%clk 00:19:19]} {[%emt 00:00:31]}
30. Nd1 {[%clk 00:23:58]} {[%emt 00:00:12]} Qxd1+ {[%clk 00:19:35]} {[%emt
00:00:17]} 31. Qg1 {[%clk 00:24:21]} {[%emt 00:00:07]} Qh5+ {[%clk 00:20:00]}
{[%emt 00:00:06]} 32. Qh2 {[%clk 00:24:42]} {[%emt 00:00:08]} Qxh2# {[%clk
00:19:52]} {[%emt 00:00:08]} 0-1

[Event "DEM U10w 2025"]
[Site "Willingen GER"]
[Date "2025.06.10"]
[Round "4"]
[White "Artarov, Rina"]
[Black "Severin, Selina Jasmin"]
[Result "1-0"]
[Termination "normal"]
[Board "6"]
[WhiteElo "1282"]
[BlackElo "1148"]
[WhiteClock "00:26:57"]
[BlackClock "01:05:49"]
[PlyCount "149"]
[WhiteFideId "34692541"]
[BlackFideId "533043647"]
[EventCountry "GER"]
[EventRounds "9"]
[EventType "swiss"]
[EventDate "2025.06.07"]

1. d4 {[%clk 01:30:59]} e6 {[%clk 01:30:55]} {[%emt 00:00:05]} 2. Nf3 {[%clk
01:31:24]} {[%emt 00:00:05]} c5 {[%clk 01:31:20]} {[%emt 00:00:06]} 3. c4
{[%clk 01:31:38]} {[%emt 00:00:15]} cxd4 {[%clk 01:31:21]} {[%emt 00:00:29]} 4.
Nxd4 {[%clk 01:31:58]} {[%emt 00:00:10]} Nc6 {[%clk 01:31:17]} {[%emt
00:00:35]} 5. Nxc6 {[%clk 01:32:08]} {[%emt 00:00:19]} bxc6 {[%clk 01:31:40]}
{[%emt 00:00:06]} 6. Bf4 {[%clk 01:32:30]} {[%emt 00:00:08]} d5 {[%clk
01:31:35]} {[%emt 00:00:36]} 7. e3 {[%clk 01:31:57]} {[%emt 00:01:03]} Nf6
{[%clk 01:31:06]} {[%emt 00:01:00]} 8. Nc3 {[%clk 01:31:12]} {[%emt 00:01:15]}
Bd6 {[%clk 01:30:11]} {[%emt 00:01:24]} 9. Bg3 {[%clk 01:30:57]} {[%emt
00:00:45]} Ba6 {[%clk 01:28:42]} {[%emt 00:01:58]} 10. Qa4 {[%clk 01:28:13]}
{[%emt 00:03:13]} Bb7 {[%clk 01:26:40]} {[%emt 00:02:34]} 11. Rd1 {[%clk
01:27:05]} {[%emt 00:01:37]} O-O {[%clk 01:25:29]} {[%emt 00:01:42]} 12. e4
{[%clk 01:26:00]} {[%emt 00:01:36]} Bxg3 {[%clk 01:24:37]} {[%emt 00:01:21]}
13. hxg3 {[%clk 01:26:22]} {[%emt 00:00:08]} Qb6 {[%clk 01:24:46]} {[%emt
00:00:18]} 14. Qc2 {[%clk 01:23:41]} {[%emt 00:03:13]} Qc7 {[%clk 01:17:43]}
{[%emt 00:07:34]} 15. Be2 {[%clk 01:15:24]} {[%emt 00:08:47]} Rfe8 {[%clk
01:12:30]} {[%emt 00:05:43]} 16. g4 {[%clk 01:13:04]} {[%emt 00:02:50]} Qf4
{[%clk 01:11:03]} {[%emt 00:01:57]} 17. g3 {[%clk 01:00:50]} {[%emt 00:12:43]}
Qg5 {[%clk 01:11:23]} {[%emt 00:00:11]} 18. f4 {[%clk 00:52:03]} {[%emt
00:09:18]} Qg6 {[%clk 01:11:13]} {[%emt 00:00:39]} 19. g5 {[%clk 00:50:50]}
{[%emt 00:01:43]} Nxe4 {[%clk 01:09:43]} {[%emt 00:02:00]} 20. Nxe4 {[%clk
00:46:30]} {[%emt 00:04:50]} Qxe4 {[%clk 01:09:26]} {[%emt 00:00:47]} 21. Qxe4
{[%clk 00:46:22]} {[%emt 00:00:39]} dxe4 {[%clk 01:09:48]} {[%emt 00:00:07]}
22. Rd4 {[%clk 00:46:28]} {[%emt 00:00:24]} c5 {[%clk 01:09:51]} {[%emt
00:00:26]} 23. Rd7 {[%clk 00:46:38]} {[%emt 00:00:20]} Rab8 {[%clk 01:09:54]}
{[%emt 00:00:28]} 24. O-O {[%clk 00:45:04]} {[%emt 00:02:04]} Red8 {[%clk
01:09:48]} {[%emt 00:00:35]} 25. Rfd1 {[%clk 00:45:05]} {[%emt 00:00:30]} Rxd7
{[%clk 01:09:34]} {[%emt 00:00:45]} 26. Rd3 {[%emt 00:00:10]} Rd6 27. Rxd6
{[%clk 00:45:24]} Kf8 {[%clk 01:09:40]} {[%emt 00:00:23]} 28. Rd7 {[%clk
00:45:41]} e3 {[%clk 01:08:43]} {[%emt 00:01:41]} 29. Rc7 {[%clk 00:43:03]} f6
{[%clk 01:08:53]} 30. Rxc5 f5 31. gxf6 {[%clk 00:41:17]} gxf6 {[%clk 01:09:15]}
{[%emt 00:00:09]} 32. Rc7 {[%clk 00:41:06]} {[%emt 00:00:41]} Be4 {[%clk
01:08:38]} {[%emt 00:01:06]} 33. b3 {[%clk 00:41:07]} {[%emt 00:00:29]} Rb7
{[%clk 01:08:33]} {[%emt 00:00:33]} 34. Rc5 {[%clk 00:40:03]} {[%emt 00:01:36]}
Ke7 {[%clk 01:08:39]} {[%emt 00:00:24]} 35. Rh5 {[%clk 00:38:38]} {[%emt
00:01:54]} Kd6 {[%clk 01:08:22]} {[%emt 00:00:48]} 36. c5+ {[%clk 00:38:12]}
{[%emt 00:00:57]} Kc6 {[%clk 01:08:15]} {[%emt 00:00:36]} 37. Rh6 {[%clk
00:37:17]} {[%emt 00:01:25]} Rf7 {[%clk 01:08:04]} {[%emt 00:00:41]} 38. b4
{[%clk 00:37:30]} {[%emt 00:00:18]} Kd5 {[%clk 01:05:33]} {[%emt 00:02:59]} 39.
Rh5+ {[%clk 00:37:14]} {[%emt 00:00:45]} f5 {[%clk 01:05:11]} {[%emt 00:00:53]}
40. Rh3 {[%clk 00:34:49]} {[%emt 00:02:56]} Kd4 {[%clk 01:04:56]} {[%emt
00:00:45]} 41. Kf1 {[%clk 00:27:45]} {[%emt 00:07:34]} Kc3 {[%clk 01:04:48]}
{[%emt 00:00:38]} 42. b5 {[%clk 00:27:46]} {[%emt 00:00:30]} Rd7 {[%clk
01:03:20]} {[%emt 00:01:57]} 43. c6 {[%clk 00:27:16]} {[%emt 00:00:59]} Rc7
{[%clk 01:02:33]} {[%emt 00:01:17]} 44. Rh6 {[%clk 00:27:34]} {[%emt 00:00:13]}
Bd5 {[%clk 01:02:56]} {[%emt 00:00:06]} 45. g4 {[%clk 00:26:48]} {[%emt
00:01:17]} Bxa2 {[%clk 01:02:44]} {[%emt 00:00:42]} 46. gxf5 {[%clk 00:27:09]}
{[%emt 00:00:09]} exf5 {[%clk 01:03:01]} {[%emt 00:00:13]} 47. Rd6 {[%clk
00:26:59]} {[%emt 00:00:40]} Rc8 {[%clk 01:01:47]} {[%emt 00:01:44]} 48. Rd7
{[%clk 00:26:40]} {[%emt 00:00:49]} Bc4 {[%clk 01:01:59]} {[%emt 00:00:18]} 49.
Bxc4 {[%clk 00:24:37]} {[%emt 00:02:34]} Kxc4 {[%clk 01:02:22]} {[%emt
00:00:06]} 50. Rxa7 {[%clk 00:23:54]} {[%emt 00:01:13]} Kxb5 {[%clk 01:02:45]}
{[%emt 00:00:07]} 51. Rxh7 {[%clk 00:24:04]} {[%emt 00:00:20]} Rxc6 {[%clk
01:03:06]} {[%emt 00:00:09]} 52. Ke2 {[%clk 00:24:04]} {[%emt 00:00:30]} Re6
{[%clk 01:02:22]} {[%emt 00:01:13]} 53. Rh5 {[%clk 00:24:22]} {[%emt 00:00:12]}
Kc4 {[%clk 01:01:30]} {[%emt 00:01:23]} 54. Rxf5 {[%clk 00:23:33]} {[%emt
00:01:19]} Kd4 {[%clk 01:01:54]} {[%emt 00:00:06]} 55. Ra5 {[%clk 00:21:57]}
{[%emt 00:02:06]} Rf6 {[%clk 01:01:51]} {[%emt 00:00:33]} 56. Ra4+ {[%clk
00:22:00]} {[%emt 00:00:27]} Kc3 {[%clk 01:02:02]} {[%emt 00:00:19]} 57. Kxe3
{[%clk 00:22:22]} {[%emt 00:00:07]} Re6 {[%clk 01:02:22]} {[%emt 00:00:11]} 58.
Re4 {[%clk 00:22:32]} {[%emt 00:00:20]} Rf6 {[%clk 01:02:38]} {[%emt 00:00:15]}
59. Re5 {[%clk 00:22:47]} {[%emt 00:00:15]} Kc4 {[%clk 01:02:42]} {[%emt
00:00:25]} 60. f5 {[%clk 00:22:24]} {[%emt 00:00:52]} Kb4 {[%clk 01:02:40]}
{[%emt 00:00:33]} 61. Ke4 {[%clk 00:22:48]} {[%emt 00:00:05]} Kc4 {[%clk
01:02:44]} {[%emt 00:00:26]} 62. Re6 {[%clk 00:23:07]} {[%emt 00:00:12]} Rxe6
{[%clk 01:03:01]} {[%emt 00:00:13]} 63. fxe6 {[%clk 00:23:04]} {[%emt
00:00:33]} Kc5 {[%clk 01:03:24]} {[%emt 00:00:07]} 64. e7 {[%clk 00:23:29]}
{[%emt 00:00:05]} Kd6 {[%clk 01:03:44]} {[%emt 00:00:10]} 65. e8=Q {[%emt
00:00:09]} Kc5 {[%emt 00:00:04]} 66. Qd7 {[%emt 00:00:07]} Kc4 {[%emt
00:00:06]} 67. Qd6 {[%emt 00:00:10]} Kc3 {[%emt 00:00:07]} 68. Qd5 {[%emt
00:00:24]} Kb4 {[%clk 01:03:36]} {[%emt 00:00:08]} 69. Qc6 {[%clk 00:24:46]}
{[%emt 00:00:06]} Kb3 {[%clk 01:03:59]} {[%emt 00:00:07]} 70. Qc5 {[%clk
00:25:07]} {[%emt 00:00:08]} Kb2 {[%emt 00:00:18]} 71. Qc4 {[%clk 00:25:21]}
{[%emt 00:00:04]} Kb1 {[%clk 01:04:37]} {[%emt 00:00:17]} 72. Qe2 {[%clk
00:25:45]} {[%emt 00:00:06]} Ka1 {[%clk 01:05:02]} {[%emt 00:00:05]} 73. Qd2
{[%clk 00:26:11]} {[%emt 00:00:05]} Kb1 {[%clk 01:05:24]} {[%emt 00:00:07]} 74.
Kd3 {[%clk 00:26:37]} {[%emt 00:00:04]} Ka1 {[%clk 01:05:49]} {[%emt 00:00:05]}
75. Kc3 {[%clk 00:26:57]} {[%emt 00:00:10]} 1-0

[Event "DEM U10w 2025"]
[Site "Willingen GER"]
[Date "2025.06.10"]
[Round "4"]
[White "Gubler, Miriam"]
[Black "Kandora, Shirley"]
[Result "1/2-1/2"]
[Termination "normal"]
[Board "7"]
[WhiteElo "1188"]
[BlackElo "1579"]
[WhiteClock "00:32:38"]
[BlackClock "00:31:40"]
[PlyCount "61"]
[WhiteFideId "533043809"]
[BlackFideId "533016038"]
[EventCountry "GER"]
[EventRounds "9"]
[EventType "swiss"]
[EventDate "2025.06.07"]

1. e4 {[%clk 01:30:58]} {[%emt 00:00:01]} e5 {[%clk 01:30:50]} {[%emt
00:00:10]} 2. Nf3 {[%clk 01:31:21]} {[%emt 00:00:06]} Nc6 {[%clk 01:31:12]}
{[%emt 00:00:09]} 3. Bc4 {[%clk 01:31:45]} {[%emt 00:00:06]} Nf6 {[%clk
01:31:33]} {[%emt 00:00:09]} 4. d3 {[%clk 01:32:04]} {[%emt 00:00:11]} Be7
{[%clk 01:31:09]} {[%emt 00:00:53]} 5. Nc3 {[%clk 01:32:16]} {[%emt 00:00:18]}
O-O {[%clk 01:31:21]} {[%emt 00:00:18]} 6. O-O {[%clk 01:31:57]} {[%emt
00:00:49]} d6 {[%clk 01:31:32]} {[%emt 00:00:20]} 7. h3 {[%clk 01:32:01]}
{[%emt 00:00:26]} Bd7 {[%clk 01:29:38]} {[%emt 00:02:22]} 8. a3 {[%clk
01:31:25]} {[%emt 00:01:07]} h6 {[%clk 01:29:40]} {[%emt 00:00:28]} 9. Be3
{[%clk 01:28:37]} {[%emt 00:03:18]} Re8 {[%clk 01:28:20]} {[%emt 00:01:50]} 10.
Re1 {[%clk 01:27:28]} {[%emt 00:01:40]} a6 {[%clk 01:27:36]} {[%emt 00:01:14]}
11. Qd2 {[%clk 01:25:50]} {[%emt 00:02:07]} b5 {[%clk 01:25:06]} {[%emt
00:02:56]} 12. Ba2 {[%clk 01:25:47]} {[%emt 00:00:38]} Bf8 {[%clk 01:23:18]}
{[%emt 00:02:17]} 13. Rad1 {[%clk 01:21:47]} {[%emt 00:04:31]} Be6 {[%clk
01:12:34]} {[%emt 00:11:12]} 14. Nd5 {[%clk 01:21:01]} {[%emt 00:01:18]} Nxd5
{[%clk 01:04:02]} {[%emt 00:09:01]} 15. exd5 {[%clk 01:20:54]} {[%emt
00:00:38]} Bf5 {[%clk 00:56:49]} {[%emt 00:07:42]} 16. dxc6 {[%clk 01:20:11]}
{[%emt 00:01:13]} Qf6 {[%clk 00:56:04]} {[%emt 00:01:14]} 17. b4 {[%clk
01:14:28]} {[%emt 00:06:15]} Rad8 {[%clk 00:50:43]} {[%emt 00:05:43]} 18. Qc3
{[%clk 01:10:36]} {[%emt 00:04:30]} d5 {[%clk 00:50:18]} {[%emt 00:00:54]} 19.
Bd2 {[%clk 01:03:28]} {[%emt 00:07:39]} d4 {[%clk 00:45:04]} {[%emt 00:05:43]}
20. Qb2 {[%clk 01:03:37]} {[%emt 00:00:22]} e4 {[%clk 00:43:17]} {[%emt
00:02:16]} 21. Nh2 {[%clk 00:47:43]} {[%emt 00:16:24]} Qxc6 {[%clk 00:41:02]}
{[%emt 00:02:45]} 22. dxe4 {[%clk 00:45:54]} {[%emt 00:02:19]} Bxe4 {[%clk
00:40:10]} {[%emt 00:01:21]} 23. f3 {[%clk 00:44:58]} {[%emt 00:01:27]} Bxc2
{[%clk 00:39:03]} {[%emt 00:01:37]} 24. Rxe8 {[%clk 00:44:58]} {[%emt
00:00:31]} Rxe8 {[%clk 00:39:15]} {[%emt 00:00:17]} 25. Rc1 {[%clk 00:41:38]}
{[%emt 00:03:51]} d3 {[%clk 00:37:53]} {[%emt 00:01:51]} 26. Qd4 {[%clk
00:41:23]} {[%emt 00:00:39]} Qg6 {[%clk 00:34:30]} {[%emt 00:03:36]} 27. Ng4
{[%clk 00:38:13]} {[%emt 00:04:04]} Qh5 {[%clk 00:33:46]} {[%emt 00:01:02]} 28.
Bxh6 {[%clk 00:37:16]} {[%emt 00:01:38]} c5 {[%clk 00:33:10]} {[%emt 00:01:05]}
29. Qd5 {[%clk 00:35:10]} {[%emt 00:02:38]} Qxd5 {[%clk 00:32:18]} 30. Bxd5
{[%clk 00:35:29]} {[%emt 00:01:33]} cxb4 {[%clk 00:31:40]} {[%emt 00:01:08]}
31. Be3 {[%clk 00:32:38]} {[%emt 00:03:21]} 1/2-1/2